<?xml version="1.0" encoding="UTF-8"?><?xml-stylesheet type="text/xsl" href="static/style.xsl"?><OAI-PMH xmlns="http://www.openarchives.org/OAI/2.0/" xmlns:xsi="http://www.w3.org/2001/XMLSchema-instance" xsi:schemaLocation="http://www.openarchives.org/OAI/2.0/ http://www.openarchives.org/OAI/2.0/OAI-PMH.xsd"><responseDate>2026-04-17T06:12:49Z</responseDate><request verb="GetRecord" identifier="oai:www.recercat.cat:10256/27720" metadataPrefix="marc">https://recercat.cat/oai/request</request><GetRecord><record><header><identifier>oai:recercat.cat:10256/27720</identifier><datestamp>2025-12-19T00:40:08Z</datestamp><setSpec>com_2072_452966</setSpec><setSpec>com_2072_2054</setSpec><setSpec>col_2072_452968</setSpec></header><metadata><record xmlns="http://www.loc.gov/MARC21/slim" xmlns:dcterms="http://purl.org/dc/terms/" xmlns:xsi="http://www.w3.org/2001/XMLSchema-instance" xmlns:doc="http://www.lyncode.com/xoai" xsi:schemaLocation="http://www.loc.gov/MARC21/slim http://www.loc.gov/standards/marcxml/schema/MARC21slim.xsd">
   <leader>00925njm 22002777a 4500</leader>
   <datafield ind2=" " ind1=" " tag="042">
      <subfield code="a">dc</subfield>
   </datafield>
   <datafield ind2=" " ind1=" " tag="720">
      <subfield code="a">Carvajal Balaguer, Jana</subfield>
      <subfield code="e">author</subfield>
   </datafield>
   <datafield ind2=" " ind1=" " tag="260">
      <subfield code="c">2025</subfield>
   </datafield>
   <datafield ind2=" " ind1=" " tag="520">
      <subfield code="a">Fa un temps, la població somiava en viure a les grans ciutats. Actualment, veiem que cada vegada més, aquesta mateixa població vol fugir-hi. Quin és el motiu? I per què passa això?&#xd;
La gent busca llocs amb encant a prop dels seus nuclis familiars per desconnectar del seu dia a dia i del que els envolta durant la setmana. És per això, que després d’una anàlisi de la situació&#xd;
actual en el territori de Catalunya, s’ha conclòs que les petites escapades rodejades de natura representen un segment de gran creixement respecte a els anys anteriors i exposant un moment de consolidació i maduresa d’aquest sector dins del turisme. Per aquest fet, s’ha pensat en la creació d’un hotel rural de luxe a partir de la infraestructura d’una masia catalana.</subfield>
   </datafield>
   <datafield ind2=" " ind1=" " tag="520">
      <subfield code="a">12</subfield>
   </datafield>
   <datafield tag="653" ind2=" " ind1=" ">
      <subfield code="a">Hoteleria</subfield>
   </datafield>
   <datafield tag="653" ind2=" " ind1=" ">
      <subfield code="a">Hospitality</subfield>
   </datafield>
   <datafield tag="653" ind2=" " ind1=" ">
      <subfield code="a">Turisme rural</subfield>
   </datafield>
   <datafield tag="653" ind2=" " ind1=" ">
      <subfield code="a">Rural tourism</subfield>
   </datafield>
   <datafield tag="653" ind2=" " ind1=" ">
      <subfield code="a">Botigues</subfield>
   </datafield>
   <datafield tag="653" ind2=" " ind1=" ">
      <subfield code="a">Shops</subfield>
   </datafield>
   <datafield ind2="0" ind1="0" tag="245">
      <subfield code="a">Can Gironès Vell, Hotel Boutique. Pla d'empresa. Projecte d'un hotel boutique rural de luxe amb la rehabilitació d'una masia catalana a Sant Gregori</subfield>
   </datafield>
</record></metadata></record></GetRecord></OAI-PMH>